000 00640nam a22002057a 4500
005 20260515115021.0
008 240517b |||||||| |||| 00| 0 eng d
020 _a9789393864178
040 _aIN-DiNC
_cIN-DiNC
041 _deng
082 _a305.8
_bETH
245 _aEthnic diversity in North East India/
_ced. by Raghunath Kagyung, Rabindra Bordoloi and Dipankar Sarmah
260 _aGuwahati:
_bAssam College Teachers Association,
_c2022.
300 _axii, 482p.
650 _aEthnicity
700 _aKagyung, Raghunath
_eEditor
700 _aBordoloi, Rabindra
_eEditor
700 _aSarmah, Dipankar
_eEditor
942 _2ddc
_cBK
999 _c11802
_d11802